000 00225nam a22000857a 4500
008 170616b xxu||||| |||| 00| 0 eng d
100 _93432
_aNeelakandan. M
245 _aEnglish first work book - 5
260 _aNew Delhi
_bV. E
_c2009
999 _c6804
_d6804